000 00964nam0a22003011 4500
001 v19\rc\1642629
005 20250619000542.0
035 _a(NLR Aleph) 004755574
090 _a4557946
_c4557946
100 _a20061002d1886 |||y0rusy50 ca
101 0 _arus
102 _aRU
105 _ay z |||||
200 1 _aХимическое исследование сумбулевого корня и мускуса
_eДис. на степ. маг. фармации К.Б. Витман
210 _aМосква
_cтип. Э. Лисснер и Ю. Романа
_d1886
215 _a42 с.
_d24
700 1 _aВитман
_bК.Б.
_gКарл Борисович
801 0 _aRU
_bNLR
_gpsbo
801 0 _aRU
_bRuMoRGB
_2psbo
801 1 _aRU
_bProSoft-M
_2rusmarc
852 _aNLR
_j18.208.3.61
899 _aRuMoRGB
_jU 383/53
899 _aRuMoRGB
_jU 52/701
899 _aБАН
899 _aНБ СПбГУ
899 _aНБ МГУ
942 _cBOOK
980 _aNB